قائمة التدفقات النقدية في ظل اعتماد الجزائر معايير المحاسبة الدولية : دراسة حالة مؤسسة اقتصادية /
Saved in:
| Main Author: | |
|---|---|
| Other Authors: | |
| Format: | Thesis |
| Language: | Arabic |
| Published: |
Batinah :
Jami'ah al-'Uqayd al-Hajj li-Khadar,
2009
|
| Subjects: | |
| Tags: |
Add Tag
No Tags, Be the first to tag this record!
|
| LEADER | 015750000a22002650004500 | ||
|---|---|---|---|
| 008 | 120105s2008 ae af m 000 00ara d | ||
| 040 | |a UIAM |b eng | ||
| 041 | |a ara | ||
| 050 | 0 | 0 | |a HF5616.A4 |
| 100 | 1 | |a دينوري، سالمي محمد | |
| 242 | |a Qa'imat al-tadaffuqat al-naqdiyah fi zil i'timad al-jaza'ir ma'ayir al-muhasabah al-dawliyah : |b dirasat halat mua'assasat iqtisadiyah | ||
| 245 | 1 | |a قائمة التدفقات النقدية في ظل اعتماد الجزائر معايير المحاسبة الدولية : |b دراسة حالة مؤسسة اقتصادية / |c إعداد الطالب، سالمي محمد الدينوري ؛ تحت إشراف الدكتور عقاري مصطفى | |
| 260 | |a Batinah : |b Jami'ah al-'Uqayd al-Hajj li-Khadar, |c 2009 | ||
| 300 | |a [141] leaves : |b ill. ; |c 30 cm. | ||
| 500 | |a "رسالة لنيل درجة الماجستير في علوم تسيير"On Cover. | ||
| 502 | |a Thesis (M.A.)--Jami'at al-'Uqayd al-Hajj li-Khadar, 2008-2009. | ||
| 504 | |a Includes bibliographical references. | ||
| 596 | |a 1 4 | ||
| 650 | 0 | |a Accounting |z Algeria | |
| 655 | |a Theses, Facsimile edition (Islamic) | ||
| 700 | |a Dinawari, Salimi Muhammad | ||
| 900 | |a arf-ls | ||
| 999 | |c 432576 |d 465679 | ||
| 952 | |0 0 |6 TI HF 005616 A4 D583Q 2009 |7 0 |8 THESES |9 751752 |a IIUM |b IIUM |c MULTIMEDIA |g 301.50 |o ti HF 5616 A4 D583Q 2009 |p 00011218087 |r 2017-10-23 |t 1 |v 301.50 |y THESIS | ||
| 952 | |0 0 |6 TI HF 005616 A4 D583Q 2009 |7 0 |8 THESES |9 757120 |a IIiBFL |b IIiBFL |c CLOSEACCES |g 301.50 |o ti HF 5616 A4 D583Q 2009 |p 00011218086 |r 2017-11-09 |t 1 |v 301.50 |y THESIS | ||
